Statistics for Fictional Characters by Picture - B

Click here to take the quiz!

General Stats

  • This quiz has been taken 59,294 times
    (28,469 since last reset)
  • The average score is 14 of 20

Answer Stats

Answer% Correct
Batman
99%
Bugs Bunny
97%
Bambi
96%
Barbie
96%
Bart Simpson
96%
Buzz Lightyear
94%
Big Bird
74%
Betty Boop
73%
Bowser
73%
Bumblebee
72%
Bilbo Baggins
69%
Bella Swan
67%
Baloo
66%
Brian Griffin
65%
Boba Fett
60%
Bashful
59%
Bridget Jones
45%
Bender Rodriguez
44%
Biff Tannen
38%
Buttercup
19%

Score Distribution

Percentile by Number Answered

Percent of People with Each Score

Your Score History

You have not taken this quiz since the last reset